000 006840000a22002170004500
020 _a84-301-0423-2
041 0 _aSPA
082 0 4 _aG 572.1 G396p
100 1 _aGevaert, Joseph
245 1 0 _aEl problema del hombre : Introducción a la antropología filosófica / Joseph Gevaert ; Alfonso Ortiz, Traductor
250 _a7
260 _aSalamanca, España : Sígueme
300 _a360 Pag
440 0 _aCol. Lux Mundi; No. 48
500 _aTítulo original : Il problema dell'uomo. Introduzione all' antropologia filosofica
001 10374
942 _cBK
999 _c39948
_d39948
336 _atexto
_btxt
_2rdacontent
337 _2rdamedia
_asin mediación
_bn
338 _2rdacarrier
_avolumen
_bnc